Система управления преобразователем частоты; тезисы докладов третьей научно-технической конференции по вопросам автоматизации производства, 14-16 мая, 1964 г., г. Томск

التفاصيل البيبلوغرافية
Parent link:тезисы докладов третьей научно-технической конференции по вопросам автоматизации производства, 14-16 мая, 1964 г., г. Томск.— 1964.— С. 18-19
المؤلف الرئيسي: Петрович В. П. Виталий Петрович
اللغة:الروسية
منشور في: 1964
الموضوعات:
التنسيق: MixedMaterials فصل الكتاب
KOHA link:https://koha.lib.tpu.ru/cgi-bin/koha/opac-detail.pl?biblionumber=178412

MARC

LEADER 00000naa2a2200000 4500
001 178412
005 20231101223413.0
035 |a (RuTPU)RU\TPU\book\193413 
035 |a RU\TPU\tpu\4676 
090 |a 178412 
100 |a 20100407d1964 k y0rusy50 ca 
101 0 |a rus 
102 |a RU 
200 1 |a Система управления преобразователем частоты  |f В. П. Петрович 
463 0 |0 (RuTPU)RU\TPU\book\160449  |t тезисы докладов третьей научно-технической конференции по вопросам автоматизации производства, 14-16 мая, 1964 г., г. Томск  |f Томский политехнический институт (ТПИ); под ред. А. И. Зайцева  |v С. 18-19  |d 1964  |p 32 с. 
610 1 |a электрические машины 
610 1 |a труды учёных ТПУ 
610 1 |a электропривод 
700 1 |a Петрович  |b В. П.  |c специалист в области электротехники  |c доцент Томского политехнического университета, кандидат технических наук  |f 1940-  |g Виталий Петрович  |2 stltpush  |3 (RuTPU)RU\TPU\pers\29373  |9 13955 
801 0 |a RU  |b 63413507  |c 20011210  |g PSBO 
801 2 |a RU  |b 63413507  |c 20150820  |g PSBO 
942 |c BK